| 000 | 00628nam a2200193 a 4500 | ||
|---|---|---|---|
| 005 | 20240919064420.0 | ||
| 008 | 991125c1996 par 000 0 eng u | ||
| 020 | _a9264153519 | ||
| 035 | _aUPN01000026247 | ||
| 049 | _aCG | ||
| 050 | 4 |
_aHF1359 _bG5.6 |
|
| 245 | 0 | 0 |
_aGlobalisation and linkages to 2020 : _bchallenges and opportunities for OECD countries : international high-level experts meeting. |
| 260 |
_aParís : _bOECD, _c1996. |
||
| 300 | _a70 p. | ||
| 440 | 0 | _aOECD proceedings | |
| 650 | 4 |
_aEconomía internacional _914629 |
|
| 610 | 2 | 4 | _aORGANIZACION PARA LA COOPERACION Y EL DESARROLLO ECONOMICOS |
| 905 | _aLibro | ||
| 999 |
_c26247 _d26247 |
||